| 000 | 01182na a2200313 4500 | ||
|---|---|---|---|
| 001 | 22123 | ||
| 003 | MIRAKIL | ||
| 005 | 20181226092845.0 | ||
| 008 | 170210b tu n0 0 0 | ||
| 035 | _a20919 | ||
| 040 |
_aMilas _btur _cTR-AnCHP |
||
| 041 | _aeng | ||
| 090 | _a050 DER 83 | ||
| 222 | _aTurkish policy quarterly | ||
| 245 |
_aTurkish Policy Quarterly _bAylık bilimsel siyasi dergi _c[yayınlayan] Plato Danışmanlık |
||
| 246 | _aTurkish policy quarterly dergi | ||
| 246 | _aTPQ | ||
| 260 |
_aİstanbul _bArı Toplumsal Katılım ve Gelişim Vakfı _c2002- |
||
| 300 |
_ac. _btbl. ; grf. _c23 sm. |
||
| 310 | _a3 aylık | ||
| 362 | _aVol. 1, no. 1 (spring 2002)- | ||
| 500 | _aMevcut sayılar: Winter 2002; (4) Winter 2009/10; (4) Winter 2010/11; (4) Winter 2012; (2) Summer 2013; (3) Fall 2013; (2) Summer 2014; (1) Spring 2015; (2) Summer 2015 | ||
| 650 |
_aUluslararası ilişkiler _vSüreli yayınlar |
||
| 651 |
_aTürkiye _vSüreli yayınlar _xDış ilişkiler _y1980- |
||
| 651 |
_aTürkiye _vSüreli yayınlar _xSiyaset ve yönetim _y1980- |
||
| 710 | _aArı Toplumsal Katılım ve Gelişim Vakfı | ||
| 910 | _aDERGİ 83 | ||
| 942 |
_2ddc _cSER |
||
| 999 |
_c11481 _d11481 |
||